UBT Library

FUNCTIONAL ANATOMY (Record no. 59398)

000 -LEADER
fixed length control field 00312nam a22001457a 4500
008 - FIXED-LENGTH DATA ELEMENTS--GENERAL INFORMATION
fixed length control field 230320b ||||| |||| 00| 0 eng d
020 ## - INTERNATIONAL STANDARD BOOK NUMBER
International Standard Book Number 9781609136857
041 ## - LANGUAGE CODE
Language code of text/sound track or separate title eng
080 ## - UNIVERSAL DECIMAL CLASSIFICATION NUMBER
Universal Decimal Classification number 611
082 ## - DEWEY DECIMAL CLASSIFICATION NUMBER
Classification number 611CAE
100 ## - Rafti
Rafti 10
101 ## - Shkurtesa
Shkurtesa ANATOMY
245 ## - TITLE STATEMENT
Title FUNCTIONAL ANATOMY
Statement of responsibility, etc CAEL.CH
942 ## - ADDED ENTRY ELEMENTS (KOHA)
Source of classification or shelving scheme
Item type Books
Holdings
Withdrawn status Lost status Source of classification or shelving scheme Damaged status Not for loan Collection code Permanent location Current location Date acquired Total Checkouts Full call number Barcode Date last seen Price effective from Koha item type
          Koleksioni i përgjithshem UBT - Lipjan UBT - Lipjan 03/20/2023   611CAE 002-80002694 03/20/2023 03/20/2023 Books
          Koleksioni i përgjithshem UBT - Lipjan UBT - Lipjan 03/20/2023   611CAE 002-80002795 03/20/2023 03/20/2023 Books
UBT Library © 2015-2024. All rights reserved University Education for Business and Technology